000 00588nam a2200217Ia 4500
003 OSt
005 20230530095835.0
008 210423s1978 xx 000 0 und d
040 _cAL
041 _aeng
082 _a361.3 THAS
_223
100 _aTHANGAVELU (Vimala)
_9116310
245 _aSamsar model of social work practice
260 _aMangalore
_bPreethi Publications
_c1978
300 _aii,223
365 _cINR
650 _aSocial Problems & Services
_9116311
650 _aSocial Work
_9116312
906 _amodel ; practice ; Samsar ; social ; work
942 _2ddc
_cBK
999 _c173575
_d173575